| 000 | 00591nam a22001937a 4500 | ||
|---|---|---|---|
| 003 | 0 | ||
| 005 | 20250103141429.0 | ||
| 008 | 250103b xxu||||| |||| 00| 0 eng d | ||
| 020 | _a9781647254834 | ||
| 050 |
_aQA 276.12 _b.D38 2024 |
||
| 100 |
_aDavies, Everett _eauthor. |
||
| 245 |
_aFoundations of statistics / _cEverett Davies. |
||
| 260 |
_aForest Hills, NY : _bNY Research Press, _c2024. |
||
| 300 |
_avii, 290 p. : _bcol. ill. ; _c27 cm. |
||
| 504 | _aIncludes bibliographical references and index. | ||
| 650 | _aStatistics. | ||
| 650 | _aMathematical statistics. | ||
| 942 |
_2lcc _cBK |
||
| 999 |
_c366869 _d366869 |
||